Logo BPK

Bibliografia Prac Pracowników

Politechniki Koszalińskiej

Wydajność technologiczna maszynowego odgławiania ryb w zależności od sposobu pomiaru parametrów sterowania i rodzaju cięcia / (Rekord nr 8904)

Szczegóły MARC
000 -ETYKIETA REKORDU
podpole kontrolne o stałej długości 01090naa a2200205 i 4500
001 - NUMER KONTROLNY REKORDU
podpole kontrolne 8904
003 - IDENTYFIKATOR NUMERU KONTROLNEGO REKORDU
podpole kontrolne KOSZ 005
005 - DATA OSTATNIEJ MODYFIKACJI REKORDU
podpole kontrolne 20180327141833.0
008 - POLE O STAŁEJ DŁUGOŚCI - DANE KONTROLNE
podpole kontrolne o stałej długości 140905s2011 pl f |000 0 pol
040 ## - ŹRÓDŁO KATALOGOWANIA
Instytucja, która utworzyła rekord BPK
Instytucja, która dokonała modyfikacji KOSZ 005/EG
044 ## - KOD KRAJU WYDAWCY/PRODUCENTA
Kod kraju wydawcy/producenta POL
080 ## - UNIWERSALNA KLASYFIKACJA DZIESIĘTNA - UKD
UKD 663.4
100 1# - NAZWA OSOBOWA
Nazwa osobowa DUTKIEWICZ, Daniel.
Lata pracy 1999 - .
Instytucja Politechnika Koszalińska - Wydział Mechaniczny,
Wydział Katedra Procesów i Urządzeń Przemysłu Spożywczego
245 10 - TYTUŁ/ODPOWIEDZIALNOŚĆ
Tytuł Wydajność technologiczna maszynowego odgławiania ryb w zależności od sposobu pomiaru parametrów sterowania i rodzaju cięcia /
Pozostałe elementy strefy tytułu i oznaczenia odpowiedzialności Daniel Dutkiewicz, Tadeusz Bil, Andrzej Dowgiałło.
650 #0 - HASŁO PRZEDMIOTOWE W FORMIE NAZWY OGÓLNEJ LUB JEDNOSTKOWEJ
Nazwa ogólna lub geograficzna Przemysł rybny.
700 1# - HASŁO DODATKOWE - NAZWA OSOBOWA
Nazwa osobowa BIL, Tadeusz.
Instytucja Politechnika Koszalińska - Wydział Mechaniczny,
Wydział Katedra Inżynierii Spożywczej i Tworzyw Sztucznych
Lata pracy 1996 - .
700 1# - HASŁO DODATKOWE - NAZWA OSOBOWA
Nazwa osobowa DOWGIAŁŁO, Andrzej.
Instytucja Politechnika Koszalińska - Wydział Mechaniczny,
Wydział Katedra Procesów i Urządzeń Przemysłu Spożywczego
Lata pracy 2006 - .
773 0# - TYTUŁ DOKUMENTU MACIERZYSTEGO
Wyrażenie wprowadzające W :
Tytuł Zeszyty Problemowe Postępów Nauk Rolniczych. -
Informacje dotyczące relacji 2011, Z. 563, s. 67-74
ISSN 0084-5477
942 ## - HASŁO DODATKOWE - ELEMENTY(KOHA)
Typ dokumentu Artykuł
Schemat klasyfikacji Uniwersalna klasyfikacja dziesiętna

Brak dostępnych egzemplarzy.

© 2014 Biblioteka Politechniki Koszalińskiej :: BIBLIOGRAFIA PRAC PRACOWNIKÓW